Elsevier's integrated histology

Main Author: Telser, Alvin G
Other Authors: Young, John K, Baldwin, Kate M
Language: English
Published: Philadelphia: Mosby/Elsevier, 2007.
Series: Elsevier's integrated series
Subjects:
LEADER 00907cam a2200253 7i4500
001 0000034037
005 20200604090000.0
008 100802 eng
020 |a 9780323033886 (pbk)  
090 0 0 |a QM551   |b .T45 2007 
100 1 |a Telser, Alvin G  
245 1 0 |a Elsevier's integrated histology   |c Alvin G. Telser ; with John K. Young, Kate M. Baldwin. 
260 |a Philadelphia:   |b Mosby/Elsevier,   |c 2007. 
300 |a xi, 436 p.:   |b col. ill.;   |c 28 cm. 
490 0 |a Elsevier's integrated series 
500 |a Includes index 
650 0 0 |a Histology  
700 1 |a Young, John K  
700 1 |a Baldwin, Kate M  
997 |a Health Sciences, Faculty 
998 |a Medical Laboratory Technology, Degree 
999 |a 0000025404  |b BOK  |c OPEN SHELF  |e 1st Floor, Shah Alam 
999 |a 0000043344  |b BOK  |c OPEN SHELF  |e 1st Floor, Shah Alam 
999 |a 0000043345  |b BOK  |c OPEN SHELF  |e 1st Floor, Shah Alam